Statistics for List of video games considered the best

Click here to take the quiz!

General Stats

  • This quiz has been taken 12 times
  • The average score is 55 of 307

Answer Stats

YearGenreGame% Correct
1997Action-adventureGrand Theft Auto
67%
2001Action-adventureGrand Theft Auto III
67%
2013Action-adventureGrand Theft Auto V
67%
2011SandboxMinecraft
67%
1985PlatformSuper Mario Bros.
67%
1997Real-time strategyAge of Empires
50%
1999Real-time strategyAge of Empires II
50%
2001Life simulationAnimal Crossing
50%
2009ActionBayonetta
50%
1997Action role-playingDiablo
50%
2000Action role-playingDiablo II
50%
1993First-person shooterDoom
50%
1994First-person shooterDoom II
50%
1994Role-playingEarthBound
50%
1997Role-playingFallout
50%
1998Role-playingFallout 2
50%
2008Action role-playingFallout 3
50%
2001Role-playingFinal Fantasy X
50%
2004Action-adventureGrand Theft Auto: San Andreas
50%
2002Action-adventureGrand Theft Auto: Vice City
50%
1997RacingGran Turismo
50%
2010Action-adventureRed Dead Redemption
50%
1996Survival horrorResident Evil
50%
1998Survival horrorResident Evil 2
50%
2005Survival horrorResident Evil 4
50%
1999Survival horrorSilent Hill
50%
2001Survival horrorSilent Hill 2
50%
1992Beat 'em upStreets of Rage 2
50%
1996PlatformSuper Mario 64
50%
1988PlatformSuper Mario Bros. 3
50%
1990PlatformSuper Mario World
50%
1986Action-adventureThe Legend of Zelda
50%
1993Action-adventureThe Legend of Zelda: Link's Awakening
50%
2015Role-playingUndertale
50%
2004MMORPGWorld of Warcraft
50%
2001Turn-based tacticsAdvance Wars
33%
1995Role-playingChrono Trigger
33%
1991Turn-based strategyCivilization
33%
1996Turn-based strategyCivilization II
33%
1987Run and gunContra
33%
2000First-person shooterCounter-Strike
33%
2000Action role-playingDeus Ex
33%
2001Action-adventureDevil May Cry
33%
2012StealthDishonored
33%
1981PlatformDonkey Kong
33%
2004Role-playingDragon Quest VIII
33%
1991Role-playingFinal Fantasy IV
33%
1994Role-playingFinal Fantasy VI
33%
1997Role-playingFinal Fantasy VII
33%
2005 | 2018Action-adventureGod of War
33%
2010Action-adventureGod of War III
33%
2008Action-adventureGrand Theft Auto IV
33%
2001RacingGran Turismo 3: A-Spec
33%
1998First-person shooterHalf-Life
33%
2004First-person shooterHalf-Life 2
33%
2008First-person shooterLeft 4 Dead
33%
2009First-person shooterLeft 4 Dead 2
33%
1998StealthMetal Gear Solid
33%
2004StealthMetal Gear Solid 3: Snake Eater
33%
2002Action-adventureMetroid Prime
33%
1987SportsMike Tyson's Punch-Out!!
33%
1980MazePac-Man
33%
2008Role-playingPersona 4
33%
2009Tower defensePlants vs. Zombies
33%
1996Role-playingPokémon Red and Blue
33%
1972SportsPong
33%
2007Puzzle-platformerPortal
33%
2011Puzzle-platformerPortal 2
33%
1996First-person shooterQuake
33%
1997First-person shooterQuake II
33%
1999First-person shooterQuake III: Arena
33%
2018Action-adventureRed Dead Redemption 2
33%
2005Action-adventureShadow of the Colossus
33%
1989City-buildingSimCity
33%
1991PlatformSonic the Hedgehog
33%
1998Real-time strategyStarCraft
33%
1998Role-playingSuikoden II
33%
2007PlatformSuper Mario Galaxy
33%
2010PlatformSuper Mario Galaxy 2
33%
1992Kart racingSuper Mario Kart
33%
2017PlatformSuper Mario Odyssey
33%
1994Action-adventureSuper Metroid
33%
2001FightingSuper Smash Bros. Melee
33%
2007First-person shooterTeam Fortress 2
33%
1984PuzzleTetris
33%
1991Action-adventureThe Legend of Zelda: A Link to the Past
33%
2000Action-adventureThe Legend of Zelda: Majora's Mask
33%
1998Action-adventureThe Legend of Zelda: Ocarina of Time
33%
2002Action-adventureThe Legend of Zelda: The Wind Waker
33%
2000Life simulationThe Sims
33%
2004Life simulationThe Sims 2
33%
2015Action role-playingThe Witcher 3: Wild Hunt
33%
1995Real-time strategyWarcraft II: Tides of Darkness
33%
2006SportsWii Sports
33%
1992First-person shooterWolfenstein 3D
33%
1995PlatformYoshi's Island
33%
2009Action-adventureAssassin's Creed II
17%
1979Shoot 'em upAsteroids
17%
1998Role-playingBaldur's Gate
17%
2000Role-playingBaldur's Gate II: Shadows of Amn
17%
2007First-person shooterBioShock
17%
2013First-person shooterBioShock Infinite
17%
2015Action role-playingBloodborne
17%
2009Action role-playingBorderlands
17%
2008Puzzle-platformerBraid
17%
2004RacingBurnout 3: Takedown
17%
2008RacingBurnout Paradise
17%
2005First-person shooterCall of Duty 2
17%
2007First-person shooterCall of Duty 4: Modern Warfare
17%
1997Action-adventureCastlevania: Symphony of the Night
17%
1995Real-time strategyCommand & Conquer
17%
1992Run and gunContra III
17%
2011Action role-playingDark Souls
17%
1993AdventureDay of the Tentacle
17%
2009Action role-playingDemon's Souls
17%
2005Action-adventureDevil May Cry 3: Dante's Awakening
17%
1994PlatformDonkey Kong Country
17%
2013MOBADota 2
17%
1987Beat 'em upDouble Dragon
17%
2009Role-playingDragon Age: Origins
17%
1996First-person shooterDuke Nukem 3D
17%
1992Real-time strategyDune II
17%
2012First-person shooterFar Cry 3
17%
1997Tactical role-playingFinal Fantasy Tactics
17%
1981ActionFrogger
17%
2003RacingF-Zero GX
17%
1981Shoot 'em upGalaga
17%
2004RacingGran Turismo 4
17%
1998AdventureGrim Fandango
17%
2005RhythmGuitar Hero
17%
2004First-person shooterHalo 2
17%
2007First-person shooterHalo 3
17%
2001First-person shooterHalo: Combat Evolved
17%
2001Action-adventureIco
17%
2016PlatformInside
17%
2012AdventureJourney
17%
2010PlatformLimbo
17%
2008PlatformLittleBigPlanet
17%
1996Kart racingMario Kart 64
17%
2007Action role-playingMass Effect
17%
2010Action role-playingMass Effect 2
17%
1988PlatformMega Man 2
17%
1993PlatformMega Man X
17%
2001StealthMetal Gear Solid 2: Sons of Liberty
17%
1991AdventureMonkey Island 2
17%
1992FightingMortal Kombat
17%
1993FightingMortal Kombat II
17%
1982MazeMs. Pac-Man
17%
1993AdventureMyst
17%
1993SportsNBA Jam
17%
1988PlatformNinja Gaiden
17%
2006Action-adventureŌkami
17%
2013PuzzlePapers, Please
17%
1989PlatformPrince of Persia
17%
2003Action-adventurePrince of Persia: The Sands of Time
17%
2005PlatformPsychonauts
17%
2007RhythmRock Band
17%
2008RhythmRock Band 2
17%
2010RhythmRock Band 3
17%
1999AdventureShenmue
17%
1993City-buildingSimCity 2000
17%
1978Shoot 'em upSpace Invaders
17%
2008PlatformSpelunky
17%
2010Real-time strategyStarCraft II: Wings of Liberty
17%
2016SimulationStardew Valley
17%
1993Shoot 'em upStar Fox
17%
1997Shoot 'em upStar Fox 64
17%
1983Shoot 'em upStar Wars
17%
1991FightingStreet Fighter II
17%
2008FightingStreet Fighter IV
17%
1991PlatformSuper Castlevania IV
17%
1999First-person shooterSystem Shock 2
17%
1996FightingTekken 3
17%
2002Action role-playingThe Elder Scrolls III: Morrowind
17%
2006Role-playingThe Elder Scrolls IV: Oblivion
17%
2011Action role-playingThe Elder Scrolls V: Skyrim
17%
2013Action-adventureThe Last of Us
17%
2017Action-adventureThe Legend of Zelda: Breath of the Wild
17%
2006Action-adventureThe Legend of Zelda: Twilight Princess
17%
1971StrategyThe Oregon Trail
17%
1990AdventureThe Secret of Monkey Island
17%
1998StealthThief: The Dark Project
17%
2000SportsTony Hawk's Pro Skater 2
17%
2001SportsTony Hawk's Pro Skater 3
17%
1997MMORPGUltima Online
17%
2009Action-adventureUncharted 2: Among Thieves
17%
2016Action-adventureUncharted 4: A Thief's End
17%
1999First-person shooterUnreal Tournament
17%
2008Tactical role-playingValkyria Chronicles
17%
1994FightingVirtua Fighter 2
17%
2012Turn-based strategyXCOM: Enemy Unknown
17%
2010Action role-playingXenoblade Chronicles
17%
1980Action-adventureAdventure
0%
1992Survival horrorAlone in the Dark
0%
2009PuzzleAngry Birds
0%
1991PlatformAnother World
0%
1983StrategyArchon
0%
2009Action-adventureBatman: Arkham Asylum
0%
2011Action-adventureBatman: Arkham City
0%
2002First-person shooterBattlefield 1942
0%
1980Vehicle simulationBattlezone
0%
2003Action-adventureBeyond Good & Evil
0%
1986PlatformBubble Bobble
0%
1981Shoot 'em upCentipede
0%
2005Turn-based strategyCivilization IV
0%
1977Top-down shooterCombat
0%
1996Real-time strategyCommand & Conquer: Red Alert
0%
2006Real-time strategyCompany of Heroes
0%
1998PlatformCrash Bandicoot: Warped
0%
1998RhythmDance Dance Revolution
0%
1993RacingDaytona USA
0%
2008Survival horrorDead Space
0%
1981Shoot 'em upDefender
0%
2014First-person shooterDestiny
0%
1987Role-playingDungeon Master
0%
1984Space flight simulatorElite
0%
2002Survival horrorEternal Darkness: Sanity's Requiem
0%
1999MMORPGEverQuest
0%
2008Action role-playingFable II
0%
1989Beat 'em upFinal Fight
0%
1992PlatformFlashback
0%
1985Action role-playingGauntlet
0%
2006Third-person shooterGears of War
0%
2008Third-person shooterGears of War 2
0%
1985PlatformGhosts 'n Goblins
0%
2007Action-adventureGod of War II
0%
1997First-person shooterGoldenEye 007
0%
1993Run and gunGunstar Heroes
0%
2010AdventureHeavy Rain
0%
2006StealthHitman: Blood Money
0%
1999Real-time strategyHomeworld
0%
2012ActionHotline Miami
0%
2001Shoot 'em upIkaruga
0%
1992AdventureIndiana Jones and the Fate of Atlantis
0%
2000PlatformJet Set Radio
0%
1982ActionJoust
0%
2004ActionKatamari Damacy
0%
2002Action role-playingKingdom Hearts
0%
2009MOBALeague of Legends
0%
1991PuzzleLemmings
0%
1983PlatformLode Runner
0%
1984ActionMarble Madness
0%
2000FightingMarvel vs. Capcom 2: New Age of Heroes
0%
2001Third-person shooterMax Payne
0%
2003Third-person shooterMax Payne 2: The Fall of Max Payne
0%
1995Vehicle simulationMechWarrior 2
0%
1991RacingMicro Machines
0%
1980Shoot 'em upMissile Command
0%
1983Business simulationM.U.L.E.
0%
1996ActionNights into Dreams...
0%
1986RacingOut Run
0%
2016First-person shooterOverwatch
0%
1998Role-playingPanzer Dragoon Saga
0%
1996RhythmPaRappa the Rapper
0%
1993Role-playingPhantasy Star IV
0%
2001AdventurePhoenix Wright: Ace Attorney
0%
1982PlatformPitfall!
0%
1999Role-playingPlanescape: Torment
0%
1999Role-playingPokémon Gold and Silver
0%
1989God gamePopulous
0%
2001Shoot 'em upRez
0%
1993RacingRidge Racer
0%
1982Top-down shooterRobotron
0%
2015SportsRocket League
0%
2004StrategyRome: Total War
0%
1987Shoot 'em upR-Type
0%
1993AdventureSam & Max Hit the Road
0%
1993Action role-playingSecret of Mana
0%
1994RacingSega Rally Championship
0%
1992SportsSensible Soccer
0%
1994SportsSensible World of Soccer
0%
2014PlatformShovel Knight
0%
1987Action-adventureSid Meier's Pirates!
0%
1992PlatformSonic the Hedgehog 2
0%
1998FightingSoulcalibur
0%
2002FightingSoulcalibur II
0%
1990SportsSpeedball 2
0%
1992Action-adventureStar Control II
0%
1997First-person shooterStar Wars Jedi Knight: Dark Forces II
0%
2003Role-playingStar Wars: Knights of the Old Republic
0%
1994Space flight simulatorStar Wars: TIE Fighter
0%
2010PlatformSuper Meat Boy
0%
1993Real-time tacticsSyndicate
0%
1981Shoot 'em upTempest
0%
1994Shoot 'em upTempest 2000
0%
2004StealthThe Chronicles of Riddick: Escape from Butcher Bay
0%
2012AdventureThe Walking Dead
0%
2007Role-playingThe World Ends with You
0%
2000StealthThief II: The Metal Age
0%
1996Action-adventureTomb Raider
0%
2002StealthTom Clancy's Splinter Cell
0%
2005StealthTom Clancy's Splinter Cell: Chaos Theory
0%
1997Real-time strategyTotal Annihilation
0%
1985Role-playingUltima IV
0%
1992Role-playingUltima VII
0%
1992RacingVirtua Racing
0%
2002Real-time strategyWarcraft III: Reign of Chaos
0%
2003ActionWarioWare, Inc.: Mega Microgames!
0%
1996RacingWave Race 64
0%
1990Space flight simulatorWing Commander
0%
1995RacingWipeout
0%
1996RacingWipeout 2097
0%
1981Role-playingWizardry
0%
1995ArtilleryWorms
0%
1994Turn-based strategyX-COM: UFO Defense
0%
1977AdventureZork
0%

Score Distribution

Percentile by Number Answered

Percent of People with Each Score

Your Score History

You have not taken this quiz